00757nab a2200217 uc450000100070000000500170000700800410002403500110006503500210007604000130009704100080011010000410011824501190015965000350027865000250031365000320033870000350037077301050040594200100051099900190052054596420250227090154.0990907e19981201 spa  a545964 a(OCoLC)819809221 ccomduadb aspa10aClemente, Rosa Ana4auteaut949904113aLa adquisicion linguistica y los inicios lectores en el hogar : la tarea de mirar cuentos con los adultos de apego aDesarrollo del lenguaje945502 7aCuentos2lemb941146 7aPadres e hijos2lemb93194810aCodes, Sonia4auteaut92973800 tCultura y Educación (Madrid)gNúmero 11-12, Diciembre 1998, p. 127-142w110719x1135-6405088459 cARIMP c135319d135319